Statistiques concernant Les 44 pays n'ayant pas accès à la mer

Cliquez ici pour prendre le quiz!

Statistiques générales

  • Ce quiz a été pris 203 fois
  • Le résultat moyen est 29 sur 44

Statistiques - réponses

Réponse% Correct
Suisse
87%
Autriche
84%
Mongolie
81%
Paraguay
81%
Bolivie
80%
Hongrie
80%
Slovaquie
79%
Andorre
76%
Tchéquie
75%
Kazakhstan
74%
Mali
73%
Liechtenstein
72%
Luxembourg
72%
Serbie
72%
Niger
71%
Lesotho
69%
Népal
69%
Tadjikistan
69%
Tchad
69%
Vatican
69%
Ouzbékistan
68%
Turkménistan
68%
Soudan du Sud
67%
Kirghizistan
65%
Saint-Marin
65%
Macédoine du Nord
64%
République centrafricaine
64%
Rwanda
64%
Eswatini
63%
Bhoutan
61%
Arménie
60%
Azerbaïdjan
58%
Afghanistan
57%
Biélorussie
57%
Moldavie
57%
Ouganda
56%
Zambie
56%
Burkina Faso
54%
Zimbabwe
54%
Burundi
53%
Laos
53%
Botswana
50%
Malawi
50%
Ethiopie
44%

Distribution des résultats

Percentile par nombre de réponses

% des personnes avec chaque résultat

Votre développement - résultats

Vous n’avez pas pris ce quiz